Mark's witness to Jesus Christ. (Record no. 4409)

MARC details
000 -LEADER
fixed length control field 00784cam a22002651 4500
001 - CONTROL NUMBER
control field 8393064
003 - CONTROL NUMBER IDENTIFIER
control field GBCCL
005 - DATE AND TIME OF LATEST TRANSACTION
control field 20241126110518.0
008 - FIXED-LENGTH DATA ELEMENTS--GENERAL INFORMATION
fixed length control field 760406s1955 nyu 000 0 eng
010 ## -
-- 55007567
035 ## - SYSTEM CONTROL NUMBER
System control number (OCoLC)2095640
040 ## - CATALOGING SOURCE
Original cataloging agency DLC
Transcribing agency GDS
Modifying agency PPLT
-- DLC
041 1# -
-- engger
042 ## -
-- premarc
050 00 -
-- BS2585
-- .L57
082 ## - DEWEY DECIMAL CLASSIFICATION NUMBER
Classification number 226.3
Item number LOH
100 1# - MAIN ENTRY--PERSONAL NAME
Personal name Lohse, Eduard,
Dates associated with a name 1924-
9 (RLIN) 8270
245 10 - TITLE STATEMENT
Title Mark's witness to Jesus Christ.
Statement of responsibility, etc. [Translated from the German by Stephen Neill]
260 ## - PUBLICATION, DISTRIBUTION, ETC.
Place of publication, distribution, etc. New York,
Name of publisher, distributor, etc. Association Press
Date of publication, distribution, etc. [1955]
300 ## - PHYSICAL DESCRIPTION
Extent 93 p.
Dimensions 20 cm.
490 0# - SERIES STATEMENT
Series statement World Christian books
630 00 - SUBJECT ADDED ENTRY--UNIFORM TITLE
Uniform title Bible.
Name of part/section of a work Mark
General subdivision Criticism, interpretation, etc.
9 (RLIN) 8271
906 ## - LOCAL DATA ELEMENT F, LDF (RLIN)
a 7
b cbc
c oclcrpl
d u
e ncip
f 19
g y-gencatlg
942 ## - ADDED ENTRY ELEMENTS (KOHA)
Source of classification or shelving scheme Dewey Decimal Classification
Koha item type Books
Koha issues (borrowed), all copies 1
Holdings
Withdrawn status Lost status Source of classification or shelving scheme Damaged status Not for loan Home library Current Library Shelving location Date acquired Total checkouts Full call number Barcode Date last seen Date last checked out Copy number Price effective from Koha item type
    Dewey Decimal Classification     GRACE BIBLE COLLEGE GRACE BIBLE COLLEGE Biblical Studies 2018-01-22 1 226.3 LOH 002005 2025-05-01 2020-03-13 c.1 2018-01-22 Books
© Grace Bible College Library 2025